01634cam a2200289 a 450000100060000000300080000600500170001400800410003103500200007204000420009204100130013408200230014710000410017024502080021126000450041930000420046450400390050650502870054565000410083265000530087365100550092670000310098194200120101299900170102495201650104195201380120624631BD-RjUL20211209001057.0140315m1953 enkb b 001 0 eng d a(BD-RjUL) 24700 aDLCcURBdOCLdm.cdOCLdBD-RjULbeng1 aenghita a940.311bALO 19531 aAlbertini, Luigi,d1871-1941.97253114aThe origins of the War of 1914 /cLuigi Albertini ; translated and edited by Isabella M. Massey.nVolume 2pThe crisis of july 1914. From the Sarajevo outrage to the Austro-Hungarian general Mobilization aLondon :bOxford University Press,c1953 axvi, 727 p. :bfold. maps ;c26 cm. aIncludes bibliographies and index.0 av. 1. European relations from the Congress of Berlin to the eve of the Sarajevo murder.--v. 2. The crisis of July 1914. From the Sarajevo outrage to the Austro-Hungarian general mobilization.--v. 3. The epilogue of the crisis of July 1914. The declarations of war and of neutrality. 0aWorld War, 1914-1918xCauses.972532 0aWorld War, 1914-1918xDiplomatic history.972533 0aEuropexPolitics and governmenty1871-1918.972534 aIsabella M. Massey.975809 2ddccBK c24631d24631 00102ddc3V-240728NFICaRUCLbRUCLcReadingd1957-12-18ePark. American Communicateg48.00l0o940.311 ALO 1953r2014-03-15 00:00:00tC-1w2014-03-15yBK 00102ddc40708NFICaRUCLbRUCLcStackd1955-08-09eO. U. P.g31.80l0o940.311 ALO 1953r2014-03-22 00:00:00tC-2w2014-03-22yBK